Danganronpa Trigger Happy Havoc All Deaths - Statistics

General Stats
  • This quiz has been taken 1,878 times
    1,876 since last reset
  • The average score is 11 of 12
Answer Stats
Cause of Death Character % Correct
Impaled by Spears Junko Enoshima/Mukuro Ikusaba
99%
Barraged with Baseballs Leon Kuwata
99%
Electric Bike Cage/Turned into Butter Mondo Owada
98%
Stabbed in the Stomach Sayaka Maizono
97%
Drinking Poison Sakura Ogami
96%
Clobbered with a Dumbell Chihiro Fujisaki
95%
Head Smashed with a Hammer (2) Kiyotaka Ishimaru/Hifumi Yamada
94%
Numbers 3, 5, 7, 9, 10 and 11 above Junko Enoshima
88%
Crushed Under a Smasher (Bad Ending Only) Kyoko Kirigiri
86%
Burned at a stake/Crushed by a Fire Truck Celestia Ludenberg/Taeko Yasuhiro
85%
Crushed by a Digger Alter Ego
84%
Blasted into space Headmaster/Jin Kirigiri
73%
No matching quizzes found
Score Distribution
Percent of People with Each Score
Percentile by Number Answered
Your Score History
You have not taken this quiz since the last reset